[Event "Rudenko Mem"]
[Site "St Petersburg RUS"]
[Date "2006.09.01"]
[Round "7"]
[White "Butuc,M"]
[Black "Pogonina,N"]
[Result "1/2-1/2"]
[WhiteElo "2098"]
[BlackElo "2441"]

1.e4 c5 2.Nf3 d6 3.Bb5+ Bd7 4.Bxd7+ Qxd7 5.O-O Nf6 6.e5 dxe5 7.Nxe5 Qc7 8.Qe2 e6
9.Nc3 a6 10.d3 Bd6 11.f4 O-O 12.Ng4 Nxg4 13.Qxg4 Nc6 14.Be3 Nd4 15.Rac1 Rac8
16.Kh1 Nf5 17.Bd2 c4 18.dxc4 Qxc4 19.Qe2 Rfd8 20.Qxc4 Rxc4 21.Rfd1 h5 22.g3 b5
23.Ne2 Be7 24.a3 Rdc8 25.Bc3 Ne3 26.Rd2 Bc5 27.Bd4 Bxd4 28.Nxd4 R4c5 29.c3 Nc4
30.Re2 Rd5 31.Rd1 Rcd8 32.Kg2 a5 33.Ra1 R8d6 34.Kf3 g6 35.Kg2 b4 36.axb4 axb4
37.Ra4 bxc3 38.bxc3 Rc5 39.Rb4 Nb6 40.Nb5 Rd3 41.Reb2 Nd5 42.Rd4 Ne3+ 43.Kf3 Nd1+
44.Rxd3 Nxb2 45.Rd8+ Kg7 46.Rb8 Na4 47.Rb7 Rc6 48.c4 g5 49.fxg5 Kg6 50.Rc7 Rxc7
51.Nxc7 Kxg5 52.Na6 f5 53.Nb4 Nc5 54.Nc6 h4 55.Ne5 hxg3 56.hxg3 Kf6 57.Kf4 Ke7
58.g4 fxg4  1/2-1/2

[Event "TCh-Serbia w"]
[Site "Zlatibor SCG"]
[Date "2006.09.01"]
[Round "7"]
[White "Bojkovic,N"]
[Black "Korbut,E"]
[Result "1-0"]
[WhiteElo "2390"]
[BlackElo "2430"]

1.e4 c5 2.Nf3 d6 3.Bb5+ Bd7 4.Bxd7+ Qxd7 5.O-O Nf6 6.Qe2 Nc6 7.Rd1 g5 8.c3 g4
9.Nh4 Qe6 10.Re1 d5 11.d3 dxe4 12.dxe4 O-O-O 13.Na3 Qxe4 14.Qxe4 Nxe4 15.Bf4 Nd6
16.Bxd6 Rxd6 17.Nc4 Rd7 18.Re4 h5 19.g3 e6 20.a4 Bg7 21.Rf1 Rh6 22.f3 gxf3
23.Rxf3 Rf6 24.Kg2 Kd8 25.Rfe3 Rd5 26.Re2 b6 27.Nf3 Ke7 28.Ne3 Rd8 29.Nh4 Kf8
30.Nc4 Rd5 31.Kh3 Rf1 32.Ne3 Rfd1 33.Nxd5 Rxd5 34.Kg2 Ne5 35.Rf4  1-0

[Event "3rd Open"]
[Site "Kalamaria GRE"]
[Date "2006.09.02"]
[Round "5"]
[White "Svetushkin,D"]
[Black "Stanojoski,Z"]
[Result "1/2-1/2"]
[WhiteElo "2569"]
[BlackElo "2481"]

1.e4 c5 2.Nf3 d6 3.Bb5+ Bd7 4.Bxd7+ Qxd7 5.O-O Nf6 6.Re1 Nc6 7.c3 e6 8.d3 Be7
9.Bg5 h6 10.Bh4 g5 11.Bg3 d5 12.Ne5 Nxe5 13.Bxe5 dxe4 14.dxe4 Qxd1 15.Rxd1 O-O
16.f3 Rfd8 17.Na3 Ne8 18.Nc4 f6 19.Bg3 b6 20.a4 Kf7 21.Kf2 e5 22.h4 Rxd1
23.Rxd1 Rd8 24.Rh1 Kg6 25.Ke2 Ng7 26.Bf2 Ne6 27.g3 gxh4 28.Rxh4 Bf8 29.Ne3 b5
30.axb5 Rb8 31.Nc4 Nc7 32.Rh1 Nxb5 33.Rd1 Kf7 34.Rd5 Rc8 35.Rd7+ Ke6 36.Rb7 Nd6
37.Nxd6 Bxd6 38.Rxa7 Rb8 39.Ra2 c4 40.g4 Kf7 41.Be3 Kg6 42.Bc1 Rc8 43.Ra6 Be7
44.f4 exf4 45.Bxf4 h5 46.gxh5+ Kxh5 47.Kf3 Kg6 48.Ra7 Bc5 49.Rb7 Rc6 50.Kg4 Bf8
51.Be3 Bd6 52.Bd4 Bf8 53.Kf3 Bh6 54.Rb8 Kf7 55.Kg4 Kg6 56.Rb7 Bf8 57.Ra7 Bh6
58.Ra1 Re6 59.Kf3 Rc6 60.Rf1 Rc8 61.Rg1+ Kf7 62.e5 fxe5 63.Bxe5 Rc5 64.Ke4 Rb5
65.Rh1 Bg5 66.Rg1 Bh6 67.Rf1+ Ke7 68.Rh1 Bd2 69.Kf5 Rxb2 70.Rh7+ Kd8 71.Rh4 Be1
72.Rxc4 Re2 73.Rc5 Kd7 74.c4 Rf2+ 75.Bf4 Bb4 76.Rc7+ Kd8 77.Rc6 Kd7 78.Ra6 Rc2
79.Ra7+ Kc6 80.Rc7+ Kb6 81.Ke4 Bd2 82.Be5 Be1 83.Rc8 Kb7 84.Rb8+ Kc6 85.Kd3 Rd2+
86.Ke4 Re2+  1/2-1/2

[Event "Rudenko Mem"]
[Site "St Petersburg RUS"]
[Date "2006.09.02"]
[Round "8"]
[White "Miednikova,S"]
[Black "Pogonina,N"]
[Result "0-1"]
[WhiteElo "2176"]
[BlackElo "2441"]

1.e4 c5 2.Nf3 d6 3.Bb5+ Bd7 4.Bxd7+ Qxd7 5.c4 Nf6 6.Nc3 g6 7.O-O Bg7 8.d4 cxd4
9.Nxd4 O-O 10.f3 Nc6 11.Be3 a6 12.Qd2 e6 13.Rfd1 Rfd8 14.Rac1 Rac8 15.b3 Rb8
16.a4 Na5 17.Rb1 b6 18.Qf2 Qc7 19.Nde2 Nd7 20.Bd4 Bxd4 21.Qxd4 Ne5 22.f4 Nec6
23.Qf2 Nb4 24.Rb2 Qc5 25.Nc1 Rbc8 26.Rbd2 Nxb3 27.Qxc5 Nxc5 28.Rxd6 Rxd6
29.Rxd6 Nc6 30.N1e2 Kf8 31.Nd4 Nxd4 32.Rxd4 Nb3 33.Rd3 Rxc4 34.e5 Nc1 35.Rd8+ Ke7
36.Rb8 Rxc3 37.Rxb6 Ne2+ 38.Kf2 Nxf4 39.Rxa6 Rc2+ 40.Kf3 Nxg2 41.Ra7+ Kf8
42.Ra8+ Kg7 43.a5 Ne1+ 44.Ke3 Rxh2 45.a6 Ra2 46.a7 h5  0-1

[Event "TCh-POL Extraliga"]
[Site "Ustron POL"]
[Date "2006.09.02"]
[Round "1"]
[White "Andrzejewska,E"]
[Black "Dworakowska,J"]
[Result "0-1"]
[WhiteElo "2213"]
[BlackElo "2359"]

1.e4 c5 2.Nf3 d6 3.Bb5+ Nd7 4.O-O Nf6 5.e5 dxe5 6.Nxe5 e6 7.d4 a6 8.Nxd7 Nxd7
9.Be2 Qc7 10.Be3 Bd6 11.h3 cxd4 12.Bxd4 O-O 13.Nc3 Rd8 14.Qc1 Nf8 15.Rd1 Bd7
16.Ne4 Bf4 17.Qb1 Bc6 18.c4 f5 19.Nc3 Ng6 20.Qc2 Nh4 21.Bf1 Qf7 22.Be3 Nxg2
23.Bxg2 Qg6 24.Nd5 Bd6 25.Bb6 exd5 26.cxd5 Bd7 27.Bxd8 Rxd8 28.Re1 Qg5 29.Qc1 Qh4
30.Qe3 Qb4 31.b3 Re8 32.Qc1 Rc8 33.Qg5 h6 34.Qg6 Qf4 35.a4 Rc2 36.Qg3 Qxg3
37.fxg3 Bxg3 38.Red1 Bd6 39.Rac1 Rb2 40.Rd3 Kf7 41.Rdc3 Ke7 42.R1c2 Rxc2
43.Rxc2 b6 44.Bf1 a5 45.Re2+ Kd8 46.Kg2 g5 47.Re1 Bb4 48.Rc1 Bc5 49.Bd3 Kc7
50.Rf1 f4 51.Be2 Kd6 52.Rd1 Be3 53.Bg4 Be8 54.Bf5 Bh5 55.Bg4 Bg6 56.h4 h5
57.Be6 g4 58.Bc8 Bc2  0-1

[Event "TCh-Serbia"]
[Site "Zlatibor SCG"]
[Date "2006.09.02"]
[Round "8"]
[White "Djuric,S"]
[Black "Kovacevic,A"]
[Result "0-1"]
[WhiteElo "2466"]
[BlackElo "2552"]

1.e4 c5 2.Nf3 d6 3.Bb5+ Nd7 4.O-O Nf6 5.Re1 a6 6.Bf1 b6 7.d4 cxd4 8.Nxd4 Bb7
9.Nc3 e6 10.g3 Be7 11.Bg2 Qc7 12.a4 O-O 13.f4 g6 14.Be3 Rfe8 15.Nb3 Bf8 16.Qe2 e5
17.fxe5 Rxe5 18.Bd4 Re7 19.Qf2 Bg7 20.h3 Rae8 21.g4 Nxe4 22.Nxe4 Bxe4 23.Bxg7 Bxg2
24.Rxe7 Rxe7 25.Bc3 Bb7 26.a5 b5 27.Rd1 Qc6 28.Kh2 Re3 29.Nd4 Qe4 30.Rg1 b4  0-1

[Event "TCh-Serbia w"]
[Site "Zlatibor SCG"]
[Date "2006.09.02"]
[Round "8"]
[White "Stojanovic,Mari"]
[Black "Dragasevic Georgieva,A"]
[Result "1/2-1/2"]
[WhiteElo "2179"]
[BlackElo "2134"]

1.e4 c5 2.Nf3 d6 3.Bb5+ Nc6 4.O-O Bd7 5.Re1 e6 6.c3 Nge7 7.d4 cxd4 8.cxd4 a6
9.Ba4 b5 10.Bb3 Na5 11.Bc2 Ng6 12.b3 Be7 13.Nbd2 O-O 14.Nf1 Rc8 15.Bd2 Qb6
16.Ng3 Nc6 17.Be3 Nb4 18.Bb1 Qc7 19.Qd2 d5 20.e5 Qc3 21.Qxc3 Rxc3 22.Re2 Rfc8
23.Bd2 R3c7 24.Ne1 Kf8 25.f4 Nc6 26.Be3 Bb4 27.f5 Nh4 28.fxe6 Bxe6 29.Bd2 Ba3
30.Be3 h6 31.Nd3 Nf5 32.Nxf5 Bxf5 33.Nf4 Nxd4 34.Bxf5 Nxf5 35.Nxd5 Rc2 36.Rae1 Bb2
37.Bf2 Nd4 38.Rxc2 Rxc2 39.Nb4 Rc8 40.Nxa6 Ra8 41.Nb4 Bc3 42.Re4 Bxb4 43.Bxd4 Rxa2
44.e6 Bd6 45.exf7 Kxf7 46.g3 Rd2 47.Bf2 Rd3 48.Rd4  1/2-1/2

[Event "ch-AUT"]
[Site "Koeflach AUT"]
[Date "2006.09.03"]
[Round "2"]
[White "Kuba,G"]
[Black "Freitag,M"]
[Result "1/2-1/2"]
[WhiteElo "2391"]
[BlackElo "2413"]

1.e4 c5 2.Nf3 d6 3.Bb5+ Nd7 4.d4 Nf6 5.Nc3 cxd4 6.Qxd4 e5 7.Qd3 h6 8.Be3 Be7
9.O-O-O a6 10.Bc4 Qc7 11.g4 Nc5 12.Bxc5 Qxc5 13.g5 Nh5 14.Qd5 Qxd5 15.Nxd5 Bg4
16.Nc7+ Kd8 17.Nxa8 Bxf3 18.Bxf7 Bxg5+ 19.Kb1 Nf6 20.Bg6 Bxh1 21.Rxh1 Kd7
22.Nb6+ Kc7 23.Na4 b5 24.Nc3 Bd2 25.Ne2 Rf8 26.Rd1 Bb4 27.a3 Bc5 28.f3 Ng8
29.Rd3 Ne7 30.Bh5 g6 31.Bg4 Ng8 32.b4 Bf2 33.c4 bxc4  1/2-1/2

[Event "59th ch-RUS 1st League"]
[Site "Tomsk RUS"]
[Date "2006.09.03"]
[Round "1"]
[White "Vorobiov,E"]
[Black "Zvjaginsev,V"]
[Result "1/2-1/2"]
[WhiteElo "2539"]
[BlackElo "2675"]

1.e4 c5 2.Nf3 d6 3.Bb5+ Nd7 4.d4 a6 5.Bxd7+ Bxd7 6.Nc3 cxd4 7.Qxd4 e5 8.Qd3 h6
9.Nd2 Rc8 10.Nc4 Qc7 11.Ne3 Nf6 12.Bd2 Be7 13.Rc1 Be6 14.b3 O-O 15.Ncd5  1/2-1/2

[Event "TCh-Serbia w"]
[Site "Zlatibor SCG"]
[Date "2006.09.03"]
[Round "9"]
[White "Marcetic,Ma"]
[Black "Korbut,E"]
[Result "0-1"]
[WhiteElo "2204"]
[BlackElo "2430"]

1.e4 c5 2.Nf3 d6 3.Bb5+ Nc6 4.Bxc6+ bxc6 5.d3 g6 6.h3 Bg7 7.Nc3 h6 8.Be3 Rb8
9.O-O e5 10.Rb1 Ne7 11.a3 f5 12.b4 f4 13.Bc1 cxb4 14.axb4 g5 15.d4 exd4 16.Nxd4 O-O
17.Qd3 Qe8 18.f3 Qf7 19.Rd1 Rd8 20.b5 c5 21.Nde2 Be6 22.Ra1 Bc4 23.Qd2 Bxe2  0-1

[Event "TCh-POL Extraliga"]
[Site "Ustron POL"]
[Date "2006.09.04"]
[Round "3"]
[White "Rozentalis,E"]
[Black "Tazbir,M"]
[Result "1-0"]
[WhiteElo "2605"]
[BlackElo "2413"]

1.e4 c5 2.Nf3 d6 3.Bb5+ Bd7 4.Bxd7+ Nxd7 5.O-O Ngf6 6.Re1 e6 7.b3 Be7 8.Bb2 O-O
9.d4 cxd4 10.Nxd4 a6 11.c4 Qc7 12.Nc3 Rac8 13.Qf3 Rfe8 14.Rad1 Bf8 15.Qg3 Qc5
16.h3 Rcd8 17.Nc2 Ne5 18.Na4 Qc7 19.f4 Ned7 20.Nd4 e5 21.fxe5 Nxe5 22.Nc3 Qc5
23.Rf1 Nfd7 24.Kh1 g6 25.Bc1 Rb8 26.Nf5 Re6 27.Nd5 Qa5 28.a4 Qd8 29.Bg5 Qa5
30.Nd4  1-0

[Event "ch-U20 Panamerican"]
[Site "Bogota COL"]
[Date "2006.09.05"]
[Round "5"]
[White "Flaquer,L"]
[Black "Arenas,D"]
[Result "1-0"]
[WhiteElo "2152"]
[BlackElo "1992"]

1.e4 c5 2.Nf3 d6 3.Bb5+ Nd7 4.d4 Nf6 5.Nc3 a6 6.Bxd7+ Nxd7 7.O-O e6 8.d5 e5
9.Ng5 Be7 10.Qh5 g6 11.Qh6 Bf8 12.Qh3 Nb6 13.Qg3 h6 14.Nxf7 Kxf7 15.f4 Kg7
16.fxe5 Nc4 17.e6 Rg8 18.Bxh6+  1-0

[Event "FSGM September"]
[Site "Budapest HUN"]
[Date "2006.09.05"]
[Round "4"]
[White "Meszaros,T"]
[Black "Boros,De"]
[Result "1/2-1/2"]
[WhiteElo "2352"]
[BlackElo "2462"]

1.e4 c5 2.Nf3 d6 3.Bb5+ Nd7 4.d4 Nf6 5.e5 Qa5+ 6.Nc3 Ne4 7.Bd2 Nxc3 8.Bxd7+ Bxd7
9.Bxc3 Qc7 10.exd6 Qxd6 11.Ne5  1/2-1/2

[Event "ch-AUT"]
[Site "Koeflach AUT"]
[Date "2006.09.06"]
[Round "5"]
[White "Kuba,G"]
[Black "Ragger,M"]
[Result "1/2-1/2"]
[WhiteElo "2391"]
[BlackElo "2456"]

1.e4 c5 2.Nf3 d6 3.Bb5+ Bd7 4.Bxd7+ Qxd7 5.O-O Nc6 6.c3 Nf6 7.Re1 e6 8.d4 cxd4
9.cxd4 d5 10.e5 Ne4 11.Nbd2 Nxd2 12.Bxd2 Be7 13.Rc1 O-O 14.Bg5 Rac8 15.Bxe7  1/2-1/2

[Event "59th ch-RUS 1st League"]
[Site "Tomsk RUS"]
[Date "2006.09.06"]
[Round "4"]
[White "Chebotarev,O"]
[Black "Najer,E"]
[Result "1/2-1/2"]
[WhiteElo "2505"]
[BlackElo "2677"]

1.e4 c5 2.Nf3 d6 3.Bb5+ Nc6 4.O-O Bd7 5.c3 Nf6 6.Re1 a6 7.Ba4 b5 8.Bc2 e5
9.h3 g6 10.d4 Bg7 11.dxc5 dxc5 12.a4 O-O 13.axb5 axb5 14.Rxa8 Qxa8 15.Qd6 Rc8
16.Nxe5 Nxe5 17.Qxe5 Bc6 18.Qf4 Re8 19.Nd2 c4 20.Qe3 h5 21.f4 h4 22.Qf2 Nxe4
23.Nxe4 Bxe4 24.Bxe4 Rxe4 25.Rxe4 Qxe4 26.Qxh4 b4 27.cxb4 g5 28.Qg3 Qb1 29.Qe1 Bxb2
30.Bd2 Qd3 31.fxg5 Bd4+ 32.Kh2 c3 33.Bf4 c2 34.h4 Qd1 35.Qe4 Bg1+ 36.Kh3 Bd4
37.g6 fxg6 38.Qxg6+ Bg7 39.Qe8+ Kh7 40.Qe4+ Kh8 41.b5 Qh1+ 42.Kg4 Qd1+ 43.Kh3 Qh1+
44.Kg3 c1=B 45.Bxc1 Qxc1 46.Qe8+ Kh7 47.Qh5+ Kg8 48.Qd5+ Kh8 49.Qd8+ Kh7
50.Qd3+ Kh6 51.Kf3 Bf6 52.g3 Be5 53.Kg2 Qb2+ 54.Kh3 Qf2 55.Kg4 Bxg3  1/2-1/2

[Event "ch-U20 Panamerican"]
[Site "Bogota COL"]
[Date "2006.09.08"]
[Round "9"]
[White "Flaquer,L"]
[Black "Perez Olarte,C"]
[Result "1-0"]
[WhiteElo "2152"]
[BlackElo "1943"]

1.e4 c5 2.Nf3 d6 3.Bb5+ Bd7 4.a4 Nf6 5.Qe2 e6 6.O-O Be7 7.Ne1 Nc6 8.Bxc6 Bxc6
9.d3 O-O 10.Nd2 Qc7 11.f4 Nd7 12.Qh5 f5 13.Nef3 Rae8 14.Re1 Bf6 15.exf5 e5
16.Ng5 Bxg5 17.fxg5 Qd8 18.Ne4 Qe7 19.g6 h6 20.g4 Nf6 21.Qh3 Nxe4 22.dxe4 Qd7
23.c4 Rf6 24.Qh4 Qd8 25.g5 Rff8 26.Qg4 Bd7 27.Ra3 Qa5 28.Rf1 Qb4 29.Rg3 Qxc4
30.gxh6 Rf6 31.hxg7 Rxg6 32.Qxg6  1-0

[Event "59th ch-RUS 1st League"]
[Site "Tomsk RUS"]
[Date "2006.09.08"]
[Round "6"]
[White "Chebotarev,O"]
[Black "Zakhartsov,V"]
[Result "1/2-1/2"]
[WhiteElo "2505"]
[BlackElo "2548"]

1.e4 c5 2.Nf3 d6 3.Bb5+ Bd7 4.Bxd7+ Qxd7 5.O-O Nc6 6.c3 Nf6 7.Qe2 e6 8.d4 cxd4
9.cxd4 d5 10.e5 Ne4 11.Be3 Be7 12.Ne1 f6 13.f3 Ng5 14.Nd3 O-O 15.Nd2 Nf7
16.f4 f5 17.Nf3 b6 18.h3 Rfc8 19.g4 Nh6 20.Qg2 g6 21.Kh2 Rc7 22.Rf2 Nb4 23.Nde1 Rac8
24.a3 Nc6 25.Ng5 Na5 26.Re2 Nb3 27.Rd1 a5 28.Nef3 Rc4 29.Rg1 Bd8 30.Qf2 R8c6
31.Qh4 Qg7 32.Qf2 a4 33.Nh4 Qf8 34.Rg2 fxg4 35.hxg4 Bxg5 36.fxg5 Qxf2 37.Rexf2 Nf7
38.Nf3 b5 39.Kg3 b4 40.axb4 Rxb4 41.Rf1 Rbc4 42.Rgf2 Rc7 43.Nd2 Nxd2 44.Rxd2 Rc2
45.Rf6 Rxd2 46.Bxd2 Rc2 47.Be3 Nd8 48.Rf2 Rc4 49.Rf1 Kg7 50.Rf2 Nf7 51.Rf6 Rc6
52.Bd2 Rb6 53.Ba5 Rxb2 54.Rxe6 a3 55.Ra6 a2 56.Bc7 Nxg5 57.Bd8 Ne4+ 58.Kf4 Rf2+
59.Ke3 Rf8 60.Be7 Rf7 61.Bc5 Ng5  1/2-1/2

[Event "3rd LGA Premium Cup"]
[Site "Nuernberg GER"]
[Date "2006.09.09"]
[Round "4"]
[White "Heinz,A"]
[Black "Lowitz,T"]
[Result "1/2-1/2"]
[WhiteElo "2386"]
[BlackElo "2109"]

1.e4 c5 2.Nf3 d6 3.Bb5+ Bd7 4.Bxd7+ Qxd7 5.O-O Nc6 6.c4 Nf6 7.Nc3 Nd4 8.d3 Nxf3+
9.Qxf3 g6 10.h3 Bg7 11.Be3 O-O 12.d4 cxd4 13.Bxd4 Rfe8 14.Rad1 Qc6 15.b3 a6
16.a4 Rac8 17.Rfe1 Nd7 18.Bxg7 Kxg7 19.Qe2 Nc5 20.Qb2 e5 21.Nd5 Ne6 22.f4 f6
23.Rf1 Nxf4 24.Rxf4 exf4 25.Qxf6+ Kg8 26.Qxf4 Qc5+ 27.Kh1 Rf8 28.Nf6+ Kg7
29.Rxd6 Rcd8 30.Rxd8 Rxd8 31.Nd5 Rf8 32.Qe5+ Kh6 33.Kh2 Rf1 34.h4 Qf2 35.Qg5+ Kg7
36.Qe5+ Kh6 37.Qg5+ Kg7 38.Qe5+  1/2-1/2

[Event "I Open"]
[Site "Vitoria BRA"]
[Date "2006.09.09"]
[Round "5"]
[White "Silveira,R"]
[Black "Souza,L"]
[Result "0-1"]
[WhiteElo "2171"]
[BlackElo "2318"]

1.e4 c5 2.Nf3 d6 3.Bb5+ Nd7 4.O-O e6 5.d4 cxd4 6.Qxd4 a6 7.Bxd7+ Bxd7 8.Bg5 Nf6
9.e5 dxe5 10.Nxe5 Bb5 11.Qxd8+ Rxd8 12.c4 Bd6 13.Nxf7 Kxf7 14.cxb5 axb5 15.Nc3 b4
16.Bxf6 gxf6 17.Ne4 Be5 18.Rab1 f5 19.Ng5+ Kf6 20.Nf3 Rd5 21.Nxe5 Rxe5 22.Rfc1 Rd8
23.Rc2 Red5 24.Kf1 h5 25.b3 b5 26.Ke2 h4 27.Rbb2 Re5+ 28.Kf3 Rd3+  0-1

[Event "Mitropa Cup Men"]
[Site "Brno CZE"]
[Date "2006.09.10"]
[Round "4"]
[White "Chytilek,R"]
[Black "Jurcik,Mari"]
[Result "1-0"]
[WhiteElo "2392"]
[BlackElo "2328"]

1.e4 c5 2.Nf3 d6 3.Bb5+ Bd7 4.Bxd7+ Qxd7 5.O-O Nf6 6.e5 dxe5 7.Nxe5 Qc7 8.Re1 Nbd7
9.Nc4 e6 10.Nc3 Nb6 11.d3 Nxc4 12.dxc4 a6 13.Bg5 Be7 14.Qf3 O-O-O 15.Be3 Bd6
16.h3 Kb8 17.Rab1 Rc8 18.Rbd1 Rhd8 19.Bg5 Qc6 20.Qxc6 Rxc6 21.Ne4 Bh2+ 22.Kxh2 Rxd1
23.Rxd1 Nxe4 24.Be7 Kc7 25.Rd8 Nxf2 26.Rf8 f5 27.Rf7 Kb6 28.Rxg7 h6 29.a4 a5
30.Rg6 e5 31.Bd8+ Ka6 32.Rxc6+ bxc6 33.Bc7 e4 34.Be5 Nd1 35.Kg3 Ne3 36.b3 Nxc2
37.Kf4 Nd4 38.g4 fxg4 39.hxg4 Nxb3 40.Kxe4 Nd2+ 41.Kd3 Nf3 42.Bf4 Kb6 43.Ke4 Nh4
44.Bxh6 Kc7 45.Bf8  1-0

[Event "EU-chB18"]
[Site "Herceg Novi MNE"]
[Date "2006.09.10"]
[Round "1"]
[White "Lehmann,A"]
[Black "Lovkov,R"]
[Result "0-1"]
[WhiteElo "2139"]
[BlackElo "2384"]

1.e4 c5 2.Nf3 d6 3.Bb5+ Bd7 4.Bxd7+ Qxd7 5.O-O Nc6 6.c3 Nf6 7.Re1 e6 8.d4 cxd4
9.cxd4 d5 10.e5 Ne4 11.Nbd2 Nxd2 12.Bxd2 Be7 13.a3 O-O 14.b4 b5 15.Rc1 a5
16.Bg5 axb4 17.Bxe7 Nxe7 18.axb4 Ra4 19.Qd2 Nc8 20.Rc5 Nb6 21.Rb1 Nc4 22.Qf4 Rfa8
23.h4 Ra2 24.h5 h6 25.g4 Re2 26.g5 Re4 27.Qg3 hxg5 28.Qxg5 Qd8 29.Qxd8+ Rxd8
30.Ra1 Rf4 31.Kg2 Rf5 32.Rxb5 Rxh5 33.Rb7 Rf5 34.Raa7 g5 35.b5 Kg7 36.Kg3 Kg6
37.b6 Rc8 38.Ra6 Nxb6 39.Raxb6 Rc3 40.Rb2 Rfxf3+ 41.Kg2 Rf4 42.Rb8 Rxd4 43.Rg8+ Kf5
44.Rb7 Kxe5 45.Rxf7 g4  0-1

[Event "3rd LGA Premium Cup"]
[Site "Nuernberg GER"]
[Date "2006.09.10"]
[Round "7"]
[White "Drabke,L"]
[Black "Ginsburg,G"]
[Result "1/2-1/2"]
[WhiteElo "2386"]
[BlackElo "2506"]

1.e4 c5 2.Nf3 d6 3.Bb5+ Bd7 4.Bxd7+ Qxd7 5.c4 Nf6 6.Nc3 g6 7.d4 cxd4 8.Nxd4 Bg7
9.O-O O-O 10.f3 Nc6 11.Be3 Rfc8 12.b3 Qd8 13.Qd2 Qa5 14.Rfd1 a6 15.Rac1 Rf8
16.a4 Qb4 17.Rb1 Nd7 18.Nde2 Nf6 19.Nd4 Qa5 20.Nde2 Nd7 21.Kh1 Rab8 22.Bg5 Rfe8
23.Qd3 Qc5 24.Qd2 Qa5 25.Qd3 Nb4 26.Qd2 Nc6  1/2-1/2

[Event "59th ch-RUS 1st League"]
[Site "Tomsk RUS"]
[Date "2006.09.10"]
[Round "8"]
[White "Kornev,Alexei"]
[Black "Belov,Vl"]
[Result "1/2-1/2"]
[WhiteElo "2568"]
[BlackElo "2598"]

1.e4 c5 2.Nf3 d6 3.Bb5+ Bd7 4.Bxd7+ Qxd7 5.O-O Nc6 6.c3 Nf6 7.Qe2 e6 8.d4 cxd4
9.cxd4 d5 10.e5 Ne4 11.Be3 Be7 12.Ne1 f6 13.f3 Ng5 14.Nd3 Nf7 15.f4 O-O 16.Nd2 f5
17.Nf3 b6 18.Rac1 Rac8 19.Rc2 Rc7 20.Rfc1 Rfc8 21.Bd2 Nb8 22.Bb4 Bd8 23.Kf2 a5
24.Ba3 Qa4 25.Rxc7 Rxc7 26.Rxc7 Bxc7 27.Qd2 Nc6 28.Qc1 Qc4 29.b3 Qxc1 30.Nxc1 h6
31.h3 Nfd8 32.Ne2 b5 33.Bc5 b4 34.Nc1 Nb7 35.Ke3 Kf7 36.Nd3 Nb8 37.Nfe1 Nc6
38.Nc2 Bd8 39.a3 bxa3 40.Nxa3 h5 41.Nb5 Ke8 42.Kd2 Bh4 43.Ke3 Nxc5 44.Nxc5 Ke7
45.Nd3 Bg3 46.Kf3 h4 47.Nc1 Be1 48.Ke3 Kd7 49.Nd3 Bb4 50.Nb2 Ne7 51.Na4 Kc6
52.Nbc3 Ng6 53.Ne2 Kb5 54.Nb2 Be7 55.Nd3 Kc6 56.Ng1 Kb5 57.Nf3 Nf8 58.Ng5 Kc6
59.Kf3 Kb5 60.Ke3 Kc6 61.Nf3 Kb5 62.Kd2 Ng6 63.Kc2 Nf8 64.Kc3 Ng6 65.Kc2 Nf8
66.Ng1 Nd7 67.Ne2 Kc6 68.Nc3 Nb6 69.Ne1 Na8 70.Nf3 Nc7 71.Kd3 Kd7 72.Ne2 Na6
73.Neg1 Nb4+ 74.Kd2 Nc6 75.Kc3 Bd8 76.Ne2 Be7 77.Nc1 Nb4 78.Kd2 Bd8 79.Ne2 Nc6
80.Nc3 Be7 81.Na4 Nd8 82.Ke3 Kc6 83.Ne1 Nb7 84.Nd3 Ba3 85.Kf3 Be7 86.g3 hxg3
87.Kxg3 Kb5 88.Kf3 Kc6 89.Nc3 Bh4 90.Ke3 Nd8 91.Ne2 Be7 92.Ng1 Nf7 93.Nf3 Kb5
94.Kf2 Kc6 95.Kg3 Kb5 96.h4 g6 97.Ng5 Nd8 98.Kf3 Kc6 99.Ke3 Kd7 100.Kd2 Nb7
101.Kc3 Nd8 102.Nc1 Nc6 103.Ne2 Bb4+ 104.Kd3 Be1 105.Nf3 Nb4+ 106.Ke3 Nc2+
107.Kd3  1/2-1/2

[Event "59th ch-RUS 1st League"]
[Site "Tomsk RUS"]
[Date "2006.09.10"]
[Round "8"]
[White "Kabanov,N"]
[Black "Zakhartsov,V"]
[Result "1-0"]
[WhiteElo "2514"]
[BlackElo "2548"]

1.e4 c5 2.Nf3 d6 3.Bb5+ Bd7 4.Bxd7+ Qxd7 5.O-O Nc6 6.c3 Nf6 7.Re1 e6 8.d4 cxd4
9.cxd4 d5 10.e5 Ne4 11.Nbd2 Nxd2 12.Bxd2 Be7 13.Rc1 O-O 14.Rc3 Rfc8 15.a3 b5
16.Rd3 Qd8 17.h4 Bxh4 18.Nh2 Bg5 19.f4 Be7 20.Qh5 g6 21.Qh3 Bf8 22.Ng4 Bg7
23.f5 exf5 24.Nh6+ Bxh6 25.Bxh6 f6 26.e6 Ne7 27.g4 fxg4 28.Qxg4 Rc2 29.Rf1 Qd6
30.Rh3 Nf5 31.Rxf5 Qxe6 32.Rg3 Rxb2 33.Rf1 Qxg4 34.Rxg4 Kf7 35.Rh4 Rb3 36.Rh2 Re8
37.Bf4 Kg7 38.Bh6+ Kf7 39.Bf4 Kg8 40.Rc2 g5 41.Bh2 Re6 42.Rc7 Rxa3 43.Rb7 Ra4
44.Be5 Raa6 45.Bg3 Reb6 46.Rd7 b4 47.Kf2 h5 48.Rh1 Ra2+ 49.Kf3 Ra3+ 50.Kg2 h4
51.Bd6 Rxd6 52.Rxd6 Kg7 53.Rf1 b3 54.Rdxf6 b2 55.R6f2 Rd3 56.Rxb2 Rxd4 57.Rb7+ Kg6
58.Rxa7 Kh5 59.Rg7 Kh6 60.Rd7 Kg6 61.Rd6+ Kh5 62.Rf5 Rd2+ 63.Kg1 h3 64.Rfxd5 Rg2+
65.Kh1 Re2 66.Rd2 Re3 67.Kh2 Kh4 68.R6d3  1-0

[Event "Mitropa Cup Men"]
[Site "Brno CZE"]
[Date "2006.09.11"]
[Round "5"]
[White "Meier,Geo"]
[Black "Le Roux,JP"]
[Result "0-1"]
[WhiteElo "2450"]
[BlackElo "2496"]

1.e4 c5 2.Nf3 d6 3.Bb5+ Bd7 4.Bxd7+ Nxd7 5.O-O g6 6.c3 Ngf6 7.Qe2 Bg7 8.d4 e5
9.Rd1 cxd4 10.cxd4 exd4 11.Rxd4 O-O 12.Rxd6 Qe7 13.Rd4 Nc5 14.Nc3 Rfe8 15.Bg5 Qe6
16.Bxf6 Bxf6 17.Rc4 b6 18.e5 Bxe5 19.Nxe5 Qxe5 20.Qxe5 Rxe5 21.Rd1 Nd3 22.Re4 Rxe4
23.Nxe4 Nxb2 24.Rd7 Nc4 25.Ng5 Ne5 26.Re7 Rc8 27.g3 h6 28.Rxe5 hxg5 29.Rxg5 Rc1+  0-1

[Event "EU-chB18"]
[Site "Herceg Novi MNE"]
[Date "2006.09.11"]
[Round "2"]
[White "Gaehler,M"]
[Black "Stokes,I"]
[Result "0-1"]
[WhiteElo "2198"]
[BlackElo "2017"]

1.e4 c5 2.Nf3 d6 3.Bb5+ Nd7 4.d4 Nf6 5.e5 Qa5+ 6.Nc3 Nd5 7.Bd2 Nxc3 8.Bxd7+ Bxd7
9.Bxc3 Qa6 10.Ng5 cxd4 11.Qxd4 dxe5 12.Qd2 f6 13.Ne4 e6 14.Bb4 Qc4 15.O-O-O Qd5
16.Qe2 Qxa2 17.Qh5+ Kd8 18.Bc3 g6 19.Qf3 Bh6+  0-1

[Event "EU-chG18"]
[Site "Herceg Novi MNE"]
[Date "2006.09.12"]
[Round "3"]
[White "Atnilov,Be"]
[Black "Airapetian,Ta"]
[Result "1-0"]
[WhiteElo "2146"]
[BlackElo "2228"]

1.e4 c5 2.Nf3 d6 3.Bb5+ Bd7 4.Bxd7+ Qxd7 5.O-O Nc6 6.c3 Nf6 7.Qe2 e6 8.d4 cxd4
9.cxd4 d5 10.e5 Ne4 11.Be3 f5 12.exf6 gxf6 13.Nc3 Nd6 14.Bf4 O-O-O 15.Rac1 Kb8
16.Rfe1 Re8 17.Na4 Rg8 18.Nc5 Qg7 19.Bg3 e5 20.dxe5 fxe5 21.Qd1 d4 22.Nxd4 Nxd4
23.Qxd4 Ka8 24.Qd5 Qf7 25.Qxf7 Nxf7 26.Nd7 Bh6 27.Rc7 Rg6 28.f4 e4 29.Rxe4 Rd8
30.f5 Rg5 31.Rc8+  1-0

[Event "EU-chG18"]
[Site "Herceg Novi MNE"]
[Date "2006.09.13"]
[Round "4"]
[White "Dolzhikova,K"]
[Black "Kublashvili,E"]
[Result "1-0"]
[WhiteElo "2276"]
[BlackElo "2149"]

1.e4 c5 2.Nf3 d6 3.Bb5+ Bd7 4.Bxd7+ Qxd7 5.c4 Nc6 6.d4 cxd4 7.Nxd4 Nf6 8.Nc3 g6
9.f3 Bg7 10.Be3 O-O 11.Rc1 e6 12.O-O a6 13.Qd2 Rad8 14.Rfd1 Rfe8 15.Nde2 Ne5
16.b3 Qe7 17.Bb6 Rd7 18.Qe3 h5 19.h3 Kh7 20.Rc2 Bh6 21.f4 Nc6 22.Qf3 Rg8
23.Nd4 g5 24.Nxc6 bxc6 25.e5 dxe5 26.fxe5 Rxd1+ 27.Qxd1 Nd7 28.Bc7 g4 29.Ne4 Be3+
30.Kh1 Qh4 31.g3  1-0

[Event "USCL"]
[Site "ICC INT"]
[Date "2006.09.13"]
[Round "3"]
[White "Lopez,Ne"]
[Black "Lee,Micha"]
[Result "0-1"]
[WhiteElo "2144"]
[BlackElo "2125"]

1.e4 c5 2.Nf3 d6 3.Bb5+ Bd7 4.Bxd7+ Qxd7 5.c4 Nc6 6.Nc3 g6 7.d4 cxd4 8.Nxd4 Bg7
9.Be3 Nf6 10.f3 O-O 11.O-O Rac8 12.b3 Rfd8 13.Qd2 e6 14.Rfd1 d5 15.cxd5 exd5
16.Nxc6 bxc6 17.e5 Ne8 18.Qd4 Qe6 19.Qxa7 Bxe5 20.Bd4 Ra8 21.Qc5 Bd6 22.Qb6 Rdb8
23.Re1 Qd7 24.Nxd5 cxd5 25.Rxe8+ Rxe8  0-1

[Event "XVI WSen w"]
[Site "Arvier ITA"]
[Date "2006.09.14"]
[Round "4"]
[White "Khmiadashvili,T"]
[Black "Saunina,L"]
[Result "0-1"]
[WhiteElo "2210"]
[BlackElo "2290"]

1.e4 c5 2.Nf3 d6 3.Bb5+ Nd7 4.a4 Nf6 5.d3 e6 6.O-O Be7 7.c4 a6 8.Bxd7+ Bxd7
9.Nc3 O-O 10.Ne1 Bc6 11.f4 Qc7 12.Qe2 d5 13.e5 Nd7 14.cxd5 exd5 15.Qh5 f5
16.d4 cxd4 17.Ne2 Qb6 18.Kh1 d3 19.Nxd3 Qb3 20.Qf3 d4 21.Nxd4 Bxf3 22.Nxb3 Be2
23.Be3 Bxf1 24.Rxf1 Rac8 25.g4 fxg4 26.f5 Rc4 27.a5 h5 28.Bd4 Kh7 29.Bc3 Re4
30.e6 Rxe6 31.fxe6 Rxf1+ 32.Kg2 Rf3 33.Ne1 Ne5 34.Nxf3 Nxf3 35.Nc1 Kg6 36.Ne2 Bd6
37.Ng3 Ng5 38.Bd2 Nxe6 39.Ne4 Be5 40.b4 h4 41.Nf2 Kf5 42.Nd3 Bd6 43.Nb2 Nf4+
44.Kf1 Nd5 45.Nd3 Ke4 46.Ke2 h3 47.Nf2+ Kf5 48.Nd3 Bxh2 49.Nf2 Bd6  0-1

[Event "EU-chG18"]
[Site "Herceg Novi MNE"]
[Date "2006.09.14"]
[Round "5"]
[White "Dolzhikova,K"]
[Black "Leks,H"]
[Result "0-1"]
[WhiteElo "2276"]
[BlackElo "2253"]

1.e4 c5 2.Nf3 d6 3.Bb5+ Bd7 4.Bxd7+ Qxd7 5.c4 e5 6.Nc3 g6 7.d3 Bg7 8.Nd5 Ne7
9.O-O Nxd5 10.cxd5 O-O 11.Bd2 Na6 12.a3 f5 13.b4 b6 14.Qb3 h6 15.b5 c4 16.Qxc4 Rac8
17.Qb3 Nc5 18.Qb1 fxe4 19.dxe4 Qg4 20.h3 Qxe4 21.Qxe4 Nxe4 22.Bb4 Rc4 23.Rad1 Nc5
24.Rfe1 Re8 25.Nd2 Rd4 26.Bxc5 dxc5 27.Nf3 Rxd1 28.Rxd1 Rd8 29.Ne1 e4 30.Nc2 Bd4
31.Re1 Rxd5 32.Rxe4 Kf7 33.Kf1 Bc3 34.Ne3 Rd4 35.Rxd4 Bxd4 36.Ke2 Ke6 37.Kd3 h5
38.Ke4 Bxe3 39.Kxe3 h4 40.Ke4 g5 41.a4 Kd6 42.Kd3 Kd5 43.Kc3 c4 44.g4 Kc5
45.f4 gxf4 46.g5 f3 47.g6 f2 48.g7 f1=Q 49.g8=Q Qc1+  0-1